Obálka Náhled e-knihy:
PDF Epub
Pro půjčování e-knih musíte být přihlášeni.
Jak si půjčit online?

Za tichem. Šumava /

Šumava tajemná, romantická a umírající? Tak ji znají všichni. Co takhle Šumava k smíchu? Právě do ní vás zavede Aleš Palán, známý jako Ten, který mluvil se samotáři. O Šumavě napsal knihu rozhovorů, esejů i román. Chyběl mu už jen ten průvodce. V něm se dozvíte i to, co jste vědět nechtěli. Proč je...

Celý popis

Uloženo v:
Série:Za tichem, část 7
Hlavní autor: Palán, Aleš, 1965- (Autor)
Médium: E-kniha
Jazyk:Czech
Vydáno: V Praze : Motto, 2026
Vydání:1. vydání
Témata:
Příbuzné jednotky:Z cyklu:: Za tichem
Tagy:
Žádné tagy
LEADER 02122nam a22003617i 4500
001 297517
003 CZ PrSKC
005 20260409063128.0
008 260327s2026 xr ||| | cze d
020 |a 9788026760399  |q (brožováno) :  |c Kč 349,00 
040 |a TUG001  |b cze  |d NJG502  |e rda 
072 7 |a 913(437)  |x Geografie Česka a Slovenska, reálie, cestování  |2 Konspekt 
100 1 |a Palán, Aleš,  |d 1965-  |7 xx0025842  |4 aut 
245 1 0 |a Za tichem.  |p Šumava /  |c Aleš Palán 
246 3 0 |a Šumava 
250 |a 1. vydání 
264 1 |a V Praze :  |b Motto,  |c 2026 
300 |a 179 stran :  |b ilustrace ;  |c 19 cm 
336 |a text  |b txt  |2 rdacontent 
337 |a bez média  |b n  |2 rdamedia 
338 |a svazek  |b nc  |2 rdacarrier 
500 |a Obálkový podnázev: Nekorektní antiprůvodce po nejrozsáhlejším a nejvtipnějším českém pohoří 
504 |a Obsahuje bibliografii 
520 2 |a Šumava tajemná, romantická a umírající? Tak ji znají všichni. Co takhle Šumava k smíchu? Právě do ní vás zavede Aleš Palán, známý jako Ten, který mluvil se samotáři. O Šumavě napsal knihu rozhovorů, esejů i román. Chyběl mu už jen ten průvodce. V něm se dozvíte i to, co jste vědět nechtěli. Proč je totemovým zvířetem Šumavy slon a největším místním smolařem Milouš Jakeš, že nejděsivější místo se nazývá Pohádka, jak se poznají cestující do Horní Vltavice a kde žijí samotáři. 
651 7 |a Šumava (pohoří)  |7 ge128617  |2 czenas 
655 7 |a cestopisné prózy  |7 fd205190  |2 czenas 
710 2 |a Motto (nakladatelství)  |7 xx0183724  |4 pbl 
787 0 8 |i Z cyklu:  |t Za tichem  |g 7 
900 |a NJG502  |b 16 
044 |a xr 
910 |a RBIT002 
998 |d 426127  |a https://core.palmknihy.cz/api/books/426127/cover?td64vr  |b https://core.palmknihy.cz/api/books/426127/cover/400?td64vr  |c https://core.palmknihy.cz/api/books/426127/cover/50?td64vr  |e 2035-12-31  |g 184  |i 9788026760399  |j https://core.palmknihy.cz/api/books/426127/preview.epub  |k https://core.palmknihy.cz/api/books/426127/preview.pdf  |l   |q 49  |r 1  |s https://www.palmknihy.cz/kniha/426127  |t ebook  |y 2026  |z 0 
999 |d 297515